|
|
|
|
| LEADER |
00000nam0a2200000 4500 |
| 001 |
376274 |
| 005 |
20231101051922.0 |
| 010 |
|
|
|a 5110005036
|
| 020 |
|
|
|a RU
|b 89-74477
|
| 035 |
|
|
|a (RuTPU)RU\TPU\retro\33714
|
| 035 |
|
|
|a RU\TPU\book\227796
|
| 090 |
|
|
|a 376274
|
| 100 |
|
|
|a 20221222d1989 m y0rusy5003 ca
|
| 101 |
0 |
|
|a rus
|
| 102 |
|
|
|a UA
|
| 105 |
|
|
|a a z 001zy
|
| 200 |
1 |
|
|a Охрана окружающей среды в нефтеперерабатывающей и химической промышленности
|e учебное пособие
|f Е. Н. Мокрый [и др.]
|
| 210 |
|
|
|a Львов
|c Изд-во Львовского ун-та
|d 1989
|
| 215 |
|
|
|a 160 с.
|c ил.
|
| 320 |
|
|
|a Библиогр.: с. 158.
|
| 610 |
1 |
|
|a нефтеперерабатывающая промышленность
|
| 610 |
1 |
|
|a химическая промышленность
|
| 610 |
1 |
|
|a окружающая среда
|
| 610 |
1 |
|
|a охрана
|
| 610 |
1 |
|
|a сточные воды
|
| 610 |
1 |
|
|a очистка
|
| 610 |
1 |
|
|a газовые выбросы
|
| 610 |
1 |
|
|a отходы
|
| 610 |
1 |
|
|a утилизация
|
| 610 |
1 |
|
|a учебные пособия
|
| 675 |
|
|
|a 66.013.8(075.8)
|v 3
|
| 675 |
|
|
|a 665.63.013(075.8)
|v 3
|
| 701 |
|
1 |
|a Мокрый
|b Е. Н.
|g Евгений Николаевич
|
| 701 |
|
1 |
|a Котович
|b Х. З.
|g Хризант Зенонович
|
| 701 |
|
1 |
|a Гуменецкий
|b В. В.
|g Владимир Васильевич
|
| 701 |
|
1 |
|a Гринив
|b О. И.
|
| 702 |
|
1 |
|a Морый
|b Е. Н.
|g Евгений Николаевич
|4 340
|
| 801 |
|
0 |
|a RU
|b RuMRKP
|c 19950417
|g psbo
|
| 801 |
|
1 |
|a RU
|b 63413507
|c 20120203
|
| 801 |
|
2 |
|a RU
|b 63413507
|c 20221222
|g RCR
|
| 942 |
|
|
|c BK
|